Fast Food – Zgadnij kraj pochodzenia sieci! - Statystyki

Ogólne statystyki
  • Ten quiz został rozwiązany 18 razy
  • Średni wynik to 20 z 30
Statystyki odpowiedzi
Fast Food Kraj % Poprawnych
McDonald's, KFC, Burger King, Subway, Wendy's, Taco Bell, Domino's Pizza, Pizza Hut, Starbucks, Dunkin's Stany Zjednoczone
100%
El Fogoncito, Carl’s Jr. Mexico Meksyk
94%
Quick, Brioche Dorée Francja
88%
Yoshinoya, Mos Burger, Sukiya Japonia
88%
Sphinx Polska
88%
Greggs, Pret A Manger Wielka Brytania
88%
100 Montaditos, Telepizza Hiszpania
82%
Spizzico, Old Wild West Włochy
82%
Hungry Jack's, Guzman y Gomez Australia
76%
Dicos, Real Kungfu Chiny
76%
Tim Hortons, Harvey’s Kanada
76%
Max Burgers Szwecja
76%
Habib’s Brazylia
71%
Lotteria, Mom’s Touch Korea Południowa
71%
Nordsee, Curry 36 Niemcy
71%
Nando’s Republika Południowej Afryki
71%
Haldiram's, Wow! Momo Indie
65%
Mo’men Egipt
59%
Hesburger Finlandia
59%
HokBen Indonezja
59%
Simit Sarayı Turcja
59%
Peppes Pizza Norwegia
53%
Quick Belgia
47%
Burger Ranch Izrael
47%
MK Restaurants Tajlandia
47%
Pho 24 Wietnam
47%
JOE & THE JUICE Dania
41%
Jollibee Filipiny
41%
FEBO Holandia
41%
Marrybrown Malezja
35%
Nie znaleziono quizów pasujących do podanych kryteriów
Rozkład punktacji
Procent ludzi z każdym wynikiem
Percentyl według liczby udzielonych odpowiedzi
Twoja historia wyników
Nie rozwiązałeś tego quizu